Quizzes
Events
Quiz Creation
Community
Videos
Private Events
Remove Ads
Sign In
Join for FREE
Feedback
Dark Mode
Quiz Categories
Sports
Geography
Music
Movies
Television
Just For Fun
Miscellaneous
History
Literature
Language
Science
Gaming
Entertainment
Religion
Holiday
For Kids
Quiz Lab
Recent
Popular Today
Quiz Kudos Today
Editor Picks
Curator Picks
Quizzes by...
Day
Popularity
Type
Ratings
Length
Year
Community
Subscriptions
Recent Discussions
Orange Saloon
Badges
Playlists
Quests
Create
Leaderboards
Showdown
Live 5
Trivia Bingo
Activity
Puzzle Library
Sporcle Events
Private Events
Virtual Trivia
Globe League
Become a Host
Pub Owners
SporcleCon
Opinionation
Our Games
Videos
Blog
Mobile Apps
Partnerships
Remove Ads and Go Orange
Feedback
Geography
Country
Landmarks
City
State
Population
World
Capital
Continent
Flags
Europe
Africa
Asia
South America
North America
Oceania
Border
Canada
United Kingdom
Topography
United States
Geography
Country
Landmarks
City
State
Population
World
Capital
Continent
Flags
Europe
Africa
Asia
South America
North America
Oceania
Border
Canada
United Kingdom
Topography
United States
Random Quiz
Search Sporcle
×
Quiz Lab
Quiz Lab
Geography
State
Type in answers that appear in a list
Type in answers that appear in a list
Classic
Best Score? Go Orange.
Expressway in U.S by Mile Stats
Can you name the Expressway in U.S by Mile that go through at least 3 states (Or at least 1000 miles)?
By
ant4000
6m
13 Questions
255 Plays
255 Plays
255 Plays
Comments
Comments
Give Quiz Kudos
Give Quiz Kudos
-
- Ratings
hide this ad
Replay
Link that replays current quiz
Next Quiz
Link to next quiz in quiz playlist
You Got
0%
They Got
Avg Score
86%
Avg Friend Score
Upgrade to see
Score Distribution
Jump to the score distribution portion of the page
Score
0/13
Timer
06:00
0
Plays Today
Rank
Interstate Highway
% Correct
1
I-90
97.6%
2
I-80
97.6%
4
I-10
94.9%
6
I-95
91.8%
3
I-40
91.4%
5
I-70
91.4%
12
I-5
91.4%
7
I-75
86.7%
11
I-15
82.7%
9
I-35
81.2%
10
I-20
81.2%
13
I-25
76.9%
8
I-94
65.1%
Quiz Playlist
Details
Report
Send in Message
Add To Playlist
Classic:
Type in answers that appear in a list
Quiz Source
Last Updated: Feb 16, 2017
Quiz Scoreboard
CHALLENGE
Sign Up to Join the Scoreboard
Show All
Scores
Hide
Comments
May contain spoilers
Recently Published
Alphabetical 'K' Countries by Flag Minefield
by ylime102
Geography
3m
Pick 6: Fruits
by JohnFran
Miscellaneous
15s
Click the 1999 NBA Draft
by nibperrychub
Sports
2m
More to Explore
Quiz From the Vault
Featured Blog Post
15 Basketball Trivia Facts You Can Be March Mad About
hide this ad
You Might Also Like...
Tags
State Quiz
Expressway
Highway
Interstate Highway
least
mile
total
Today's Top Quizzes in Geography
Browse Geography
hide this ad
Today's Top Quizzes in State
Browse State
Top Contributed Quizzes in Geography
1
Countries of the World - No Outlines Minefield
2
Pick 6: Mountains
3
Least Populated Answer: 'G' Countries
4
Alphabetical 'L' Countries By Flag Minefield
5
Lietuvos savivaldybės (Lithuanian Municipalities)
6
Alphabetical 'M' Countries By Flag Minefield
7
Pick 6: National Parks
8
Pick 6: US States
9
African Flag Reveal XXXVI
10
Find the Landmarks A-Z
Explore More
Trending Topics
Marvel
Crossword
Harry Potter
Disney
NBA
Anime
Kpop
WWE
NFL
Country
Pokémon
Puzzle
The Office
Song
Soccer
hide this ad
More By:
ant4000
Quiz
Plays
Rating
Category
Featured
Created
Names of Rupaul's Drag Race Contestants
1,464
4.33
Television
Jul 10, 2012
Super Mario Bros 3 enemies
448
1.75
Gaming
Feb 6, 2010
Wheel of Fortune Bonus Round Solutions
334
1.00
Television
Nov 16, 2010
Chicago Streets
298
1.50
Geography
May 15, 2010
Expressway in U.S by Mile
255
2.00
Geography
May 17, 2010
Go to Creator's Profile
Score Distribution
Quiz Creator Spotlight
ant4000
Follow
Send a Message
Quizzes Created
-
Created Quiz Play Count
-
More By This Creator
Popular Quizzes Today
1
Countries of Asia Without Outlines Minefield
2
Find the US States - No Outlines Minefield
3
Pick 6: Fruits
4
Alphabetical 'K' Countries by Flag Minefield
5
The Countries of the World
6
Find the US States
7
US States
8
Match the Book to the Film X
More Geography Quizzes
USA States: Common 2-letter Combos (IA)
Quiz Lab
Trending Quizzes
Pick 6: Harry Potter
Pick 6: Mountains
Pick 6: NFL Teams
Pick 6: Flags
Pick 6: Movie Franchises
Recently Updated
NWSL Teams
pecheneg
Women's Final Four Teams by Year
bhenderson79
Presidents Quartet II
eogle
Anything But Clue(do)
eogle
Anything But Oceanian Capitals
eogle
Anything But 7
eogle
Anything But Thing
eogle
Word Ladder: February 29
pecheneg
Song Title Questions
pecheneg
Women's NCAA Tournament #1 Seeds
pecheneg
Trending Topics
Anime
Kpop
NBA
Harry Potter
Crossword
Marvel
Disney
Song
WWE
Pokémon
The Office
NFL
Soccer
Country
Puzzle
Your Account Isn't Verified!
In order to create a playlist on Sporcle, you need to verify the email address you used during registration. Go to your
Sporcle Settings
to finish the process.
Report this User
Report this user for behavior that violates our
Community Guidelines
.
Details:
Send Report
Go to the Sporcle.com Mobile Site →
Comments